[Event "Russian Championship B13 1st league 2016"]
[Site "Loo"]
[Date "2016.04.21"]
[Round "2.22"]
[White "Kuzakov, Dmitriy"]
[Black "Efanov, Aleksey"]
[Result "0-1"]
[WhiteElo "1553"]
[BlackElo "1693"]
[PlyCount "70"]
[EventDate "2016.04.20"]

1. d4 Nf6 2. Nf3 d5 3. g3 Bf5 4. Bg2 e6 5. O-O Bd6 6. c4 c6 7. Nc3 O-O 8. Re1
Bb4 9. a3 Bxc3 10. bxc3 b6 11. Bg5 h6 12. Bxf6 Qxf6 13. Ne5 Qd8 14. Qb3 f6 15.
Nd3 Na6 16. Nb4 Nxb4 17. cxb4 Qd7 18. Rad1 Rad8 19. f3 Bg6 20. e4 Rfe8 21. e5
f5 22. a4 a6 23. f4 Rb8 24. b5 axb5 25. axb5 dxc4 26. Bxc6 Qxc6 27. bxc6 cxb3
28. Rb1 Rec8 29. Rec1 Rc7 30. Rxb3 Rbc8 31. Rxb6 Be8 32. d5 exd5 33. Rb7 Rxb7
34. cxb7 Rxc1+ 35. Kg2 Rb1 0-1

[Event "Russian Championship B13 1st league 2016"]
[Site "Loo"]
[Date "2016.04.21"]
[Round "2.23"]
[White "Garifzyanov, Niyaz"]
[Black "Chuklin, Ivan"]
[Result "1-0"]
[WhiteElo "1682"]
[BlackElo "1557"]
[PlyCount "51"]
[EventDate "2016.04.20"]

1. d4 d5 2. c4 e6 3. Nc3 f5 4. g3 Nf6 5. Bg2 c6 6. b3 Bd6 7. Nh3 Ne4 8. Nxe4
fxe4 9. f3 exf3 10. exf3 O-O 11. O-O Nd7 12. Re1 dxc4 13. Bg5 Be7 14. Bxe7 Qxe7
15. bxc4 Nf6 16. Nf4 Bd7 17. Bh3 Qf7 18. Qb3 Rab8 19. Nxe6 Rfe8 20. Ng5 Qh5 21.
c5+ Nd5 22. Bxd7 Rxe1+ 23. Rxe1 Qxg5 24. Bxc6 Rd8 25. Bxd5+ Qxd5 26. Re8+ 1-0

[Event "Russian Championship B13 1st league 2016"]
[Site "Loo"]
[Date "2016.04.21"]
[Round "2.24"]
[White "Shvetko, Roman"]
[Black "Filatov, Georgy"]
[Result "1-0"]
[WhiteElo "1667"]
[BlackElo "1545"]
[PlyCount "120"]
[EventDate "2016.04.20"]

1. e4 e5 2. Nf3 Nf6 3. Nxe5 d6 4. Nf3 Nxe4 5. Qe2 Qe7 6. d3 Nf6 7. Bg5 Be6 8.
Nc3 Nc6 9. O-O-O O-O-O 10. d4 d5 11. Qb5 h6 12. Bh4 g5 13. Bg3 Nh5 14. Ne5 Nxe5
15. Bxe5 f6 16. Bg3 Nxg3 17. hxg3 Bg7 18. Qa5 a6 19. Re1 Qd6 20. Na4 Rhe8 21.
Nc5 Bf7 22. Rxe8 Rxe8 23. Bb5 Re7 24. Nxa6 bxa6 25. Bxa6+ Kd7 26. Qa4+ c6 27.
Bd3 Ke8 28. Qa8+ Qd8 29. Qxc6+ Kf8 30. Qc5 Kg8 31. Qc3 Rc7 32. Qd2 f5 33. Bxf5
Qf6 34. Qa5 Qxf5 35. Qxc7 Qxf2 36. Qc3 Bxd4 37. Qf3 Be3+ 38. Kb1 Qd2 39. Rf1
Bd4 40. Qxf7+ Kh8 41. Qxd5 Qb4 42. Qb3 Qe7 43. a3 Kg7 44. Qd3 Bf6 45. Qf5 Qd6
46. Qxf6+ Qxf6 47. Rxf6 Kxf6 48. a4 Ke6 49. a5 Kd6 50. Kc1 Kc5 51. b4+ Kb5 52.
Kd2 h5 53. c4+ Ka6 54. Ke3 h4 55. gxh4 gxh4 56. Kf4 Kb7 57. Kg4 Ka7 58. Kxh4
Kb7 59. g4 Ka7 60. g5 Kb7 1-0

[Event "Russian Championship B13 1st league 2016"]
[Site "Loo"]
[Date "2016.04.21"]
[Round "2.25"]
[White "Kulagin, Timofey"]
[Black "Zhukov, Ivan"]
[Result "0-1"]
[WhiteElo "1531"]
[BlackElo "1667"]
[PlyCount "114"]
[EventDate "2016.04.20"]

1. e4 c5 2. d4 cxd4 3. c3 d3 4. c4 Nc6 5. Nc3 e6 6. Bxd3 Nf6 7. Bc2 d6 8. Nf3
Be7 9. Be3 O-O 10. h3 Nd7 11. Qd2 Nde5 12. Nxe5 Nxe5 13. Qe2 Qc7 14. Bb3 Bd7
15. O-O a6 16. f4 Ng6 17. Rad1 Rab8 18. Rc1 Qa5 19. Bd2 Qd8 20. a4 Qb6+ 21. Qe3
Qxb3 22. Kh1 Kh8 23. Rf2 Rfe8 24. Rf3 Qxc4 25. Nd5 Qxa4 26. Nb6 Qb5 27. Rc7 Bd8
28. Nxd7 Bxc7 29. Nxb8 Rxb8 30. Qc3 Qc6 31. Qd4 Bb6 32. Qd3 Rc8 33. Bc3 Qc4 34.
Qxd6 Qc5 35. Qd1 Rd8 36. Qc1 Kg8 37. f5 exf5 38. exf5 Nh4 39. Rg3 Nxf5 40. Rg5
g6 41. Qa1 Qd5 42. Qf1 Qd1 43. Be1 Qd5 44. Qf4 Qd4 45. Qf1 Qe3 46. Rxf5 gxf5
47. Bc3 Bc7 48. Qb1 Qg3 49. Kg1 Qe3+ 50. Kh1 Qe2 51. Qg1 Rd1 52. Bd4 Rxg1+ 53.
Bxg1 Qe1 54. b4 Bb6 55. Kh2 Bxg1+ 56. Kh1 Bf2+ 57. Kh2 Bg3# 0-1

[Event "Russian Championship B13 1st league 2016"]
[Site "Loo"]
[Date "2016.04.21"]
[Round "2.26"]
[White "Kazakov, Gleb"]
[Black "Bashev, Fyodor"]
[Result "1/2-1/2"]
[WhiteElo "1447"]
[BlackElo "1658"]
[PlyCount "108"]
[EventDate "2016.04.20"]

1. e4 e6 2. d4 d5 3. exd5 exd5 4. Bd3 Bd6 5. Nf3 Nf6 6. h3 h6 7. O-O O-O 8. Nc3
c6 9. Re1 Be6 10. Be3 Nbd7 11. Qd2 Re8 12. Bf4 Qc7 13. Bxd6 Qxd6 14. Ne5 Qb4
15. b3 Kh8 16. Nxd7 Bxd7 17. Bf1 a5 18. a3 Qb6 19. Na4 Qc7 20. Nc5 Bf5 21. Bd3
Ne4 22. Nxe4 dxe4 23. Bf1 Rad8 24. Qc3 b6 25. g3 Qd7 26. g4 Bg6 27. Rad1 Re6
28. Qe3 Rd6 29. Bg2 Re6 30. Qf4 Qd6 31. Qxd6 Rdxd6 32. Re3 c5 33. d5 Re5 34. c4
h5 35. Rde1 hxg4 36. hxg4 Rg5 37. Rg3 Rd8 38. Bxe4 Re8 39. Rge3 Rxg4+ 40. Bg2
Rxe3 41. Rxe3 Kh7 42. d6 Rd4 43. Bd5 Bf5 44. Re7 Rg4+ 45. Kf1 Rg6 46. d7 Rd6
47. Rxf7 Bxd7 48. Ke2 Bc6 49. Bxc6 Rxc6 50. Rd7 Rh6 51. f3 Rf6 52. Ke3 Kh6 53.
Rd5 Kg6 54. f4 Re6+ 1/2-1/2

[Event "Russian Championship B13 1st league 2016"]
[Site "Loo"]
[Date "2016.04.21"]
[Round "2.27"]
[White "Boktaev, Adyan"]
[Black "Zaspanov, Konstantin"]
[Result "1/2-1/2"]
[WhiteElo "1657"]
[BlackElo "1527"]
[PlyCount "175"]
[EventDate "2016.04.20"]

1. d4 Nf6 2. c4 g6 3. Nc3 d5 4. cxd5 Nxd5 5. e4 Nxc3 6. bxc3 Bg7 7. Bd3 O-O 8.
Ne2 Bg4 9. O-O Bxe2 10. Bxe2 Nd7 11. Bb2 e6 12. f4 c5 13. e5 cxd4 14. cxd4 Nb6
15. Kh1 Nd5 16. Qd3 Qd7 17. Qh3 Rfd8 18. Bd3 Rac8 19. Rac1 a6 20. Be4 Rxc1 21.
Bxc1 Ne7 22. Be3 Nd5 23. Bd2 Qa4 24. Qh4 Rd7 25. Rc1 Qxd4 26. Bxd5 Qxd2 27.
Rc8+ Bf8 28. h3 Qxd5 29. Qf6 Qc5 30. Rxc5 Bxc5 31. Qg5 a5 32. Qg4 b5 33. Qf3
Rd5 34. Qb3 Bd4 35. g4 b4 36. Qc4 Bc3 37. Kg2 Rd4 38. Qc8+ Kg7 39. a4 Rxf4 40.
Qc5 Re4 41. Qxa5 Rxe5 42. Qb6 Re2+ 43. Kf3 Rb2 44. a5 b3 45. a6 Rb1 46. a7 b2
47. a8=Q Rf1+ 48. Kg2 b1=Q 49. Qxb1 Rxb1 50. Qe4 Rb2+ 51. Kf3 Bf6 52. Qe3 h6
53. Kg3 Rc2 54. Qb6 Rc3+ 55. Kg2 Be5 56. Qa5 Bf6 57. Qb4 Rc2+ 58. Kf1 e5 59.
Qe4 Rc7 60. h4 Re7 61. h5 g5 62. Kf2 Rd7 63. Ke3 Rd4 64. Qf5 Ra4 65. Qd7 Ra3+
66. Ke4 Ra1 67. Qd2 Ra4+ 68. Kf3 Rf4+ 69. Kg3 e4 70. Qd5 e3 71. Qd3 Be5 72. Kh3
Rf3+ 73. Kg2 Rf2+ 74. Kg1 Rf4 75. Qe2 Bd4 76. Kh1 Kf6 77. Qa6+ Ke5 78. Qb5+ Ke4
79. Qb7+ Ke5 80. Qe7+ Kd5 81. Qd7+ Kc4 82. Qc6+ Bc5 83. Qa4+ Kd5 84. Qd7+ Bd6
85. Qb5+ Ke6 86. Qe8+ Kf6 87. Qxe3 Rxg4 88. Qe6+ 1/2-1/2

[Event "Russian Championship B13 1st league 2016"]
[Site "Loo"]
[Date "2016.04.21"]
[Round "2.28"]
[White "Senkevich, German"]
[Black "Tsymbal, Evgeny"]
[Result "0-1"]
[WhiteElo "1433"]
[BlackElo "1652"]
[PlyCount "54"]
[EventDate "2016.04.20"]

1. d4 Nf6 2. Bf4 d5 3. e3 c5 4. Nd2 e6 5. Ngf3 Nc6 6. c3 Be7 7. Bd3 cxd4 8.
exd4 O-O 9. Ne5 Nxe5 10. dxe5 Nd7 11. Qh5 g6 12. Qh6 Re8 13. Nf3 Bf8 14. Qh3
Bg7 15. Ng5 h5 16. g4 Nxe5 17. Rg1 Nxd3+ 18. Qxd3 e5 19. Be3 Bxg4 20. h3 Bf5
21. Qe2 d4 22. O-O-O Qa5 23. Qc4 Be6 24. Nxe6 Rxe6 25. Bd2 Rc6 26. Qb3 e4 27.
c4 Qc5 0-1

[Event "Russian Championship B13 1st league 2016"]
[Site "Loo"]
[Date "2016.04.21"]
[Round "2.29"]
[White "Stepochkin, Fedor"]
[Black "Dyatlov, Oleg"]
[Result "1/2-1/2"]
[WhiteElo "1649"]
[BlackElo "1469"]
[PlyCount "71"]
[EventDate "2016.04.20"]

1. e4 c6 2. d4 d5 3. e5 Bf5 4. h4 h6 5. g4 Bd7 6. Nc3 e6 7. Be3 Qc7 8. h5 c5 9.
f4 a6 10. Nf3 cxd4 11. Nxd4 Bb4 12. Qd3 Bxc3+ 13. bxc3 Nc6 14. Rb1 Nxd4 15.
Bxd4 b5 16. Qe3 Ne7 17. Bd3 Qa5 18. O-O Nc6 19. Bb6 Qa4 20. Rb3 b4 21. f5 bxc3
22. Rf4 Qxa2 23. fxe6 Bxe6 24. Bc5 Rb8 25. Rxb8+ Nxb8 26. Bd6 Qb1+ 27. Kh2 Nc6
28. Qc5 Kd7 29. Ra4 Qe1 30. Bxa6 Qd2+ 31. Kg3 Qe1+ 32. Kh2 Qd2+ 33. Kg3 Qe1+
34. Kh2 Qd2+ 35. Kg3 Qe1+ 36. Kh2 1/2-1/2

[Event "Russian Championship B13 1st league 2016"]
[Site "Loo"]
[Date "2016.04.21"]
[Round "2.30"]
[White "Zhuravlev, Ignat"]
[Black "Shalimo, Eugene"]
[Result "1/2-1/2"]
[WhiteElo "1645"]
[BlackElo "1445"]
[PlyCount "89"]
[EventDate "2016.04.20"]

1. e4 c5 2. Nf3 e6 3. d4 cxd4 4. Nxd4 a6 5. Nc3 Qc7 6. Qf3 b5 7. Qg3 d6 8. a3
Bb7 9. Be3 Nf6 10. f3 Nbd7 11. Be2 g6 12. O-O Bg7 13. Rfd1 Nh5 14. Qf2 O-O 15.
Rac1 Nhf6 16. h3 Rfd8 17. Nb3 Rac8 18. Rd2 d5 19. exd5 Bxd5 20. Nxd5 Nxd5 21.
c3 Nxe3 22. Qxe3 Nf6 23. Rcd1 Nd5 24. Qe4 Bh6 25. Rd3 Re8 26. Nd4 Qe7 27. Bf1
f5 28. Qe1 e5 29. Nxf5 Qc5+ 30. Kh1 gxf5 31. Rxd5 Qe3 32. Qg3+ Kh8 33. Re1 Qf4
34. Qf2 e4 35. Qd4+ Bg7 36. Qe3 Qxe3 37. Rxe3 Bh6 38. Re2 exf3 39. Rxe8+ Rxe8
40. Rxf5 fxg2+ 41. Kxg2 Rg8+ 42. Kf2 Bc1 43. c4 Bxb2 44. cxb5 axb5 45. Bxb5
1/2-1/2

[Event "Russian Championship B13 1st league 2016"]
[Site "Loo"]
[Date "2016.04.21"]
[Round "2.31"]
[White "Zotkaev, Basang"]
[Black "Smirnov, Mark A"]
[Result "1/2-1/2"]
[WhiteElo "1386"]
[BlackElo "1637"]
[PlyCount "127"]
[EventDate "2016.04.20"]

1. d4 Nf6 2. c4 e6 3. a3 b6 4. Nc3 Bb7 5. Bf4 Be7 6. e3 d6 7. Nf3 Nbd7 8. Bg3
O-O 9. Bd3 Re8 10. O-O Nh5 11. Qc2 g6 12. e4 Bf6 13. d5 Bxc3 14. Qxc3 e5 15.
Nd2 Qg5 16. Nf3 Qh6 17. Qd2 Qg7 18. b4 a5 19. Qe3 f5 20. Qe2 Ndf6 21. h3 Nf4
22. Bxf4 fxe4 23. Bh2 exd3 24. Qd1 Bc8 25. Re1 Bd7 26. Nd2 Qh6 27. Ne4 Nxe4 28.
Rxe4 Bf5 29. Re3 e4 30. Qe1 Qg7 31. Rd1 Qb2 32. Rdxd3 axb4 33. Rb3 Qa2 34. axb4
Qa1 35. Rb1 Qd4 36. Rc1 Ra2 37. Qc3 Qxc3 38. Rexc3 Rb2 39. g4 Bd7 40. b5 Rf8
41. Bg3 h5 42. gxh5 gxh5 43. Kg2 Kh7 44. R1c2 Rxc2 45. Rxc2 Kg6 46. Re2 Re8 47.
Re3 Kg5 48. h4+ Kf5 49. Kh2 Ra8 50. Kg2 Ra1 51. Rc3 Rd1 52. f3 Rd2+ 53. Bf2 Ke5
54. fxe4 Kxe4 55. Re3+ Kf4 56. Re7 Bh3+ 57. Kxh3 Rxf2 58. Rxc7 Rf3+ 59. Kg2
Rg3+ 60. Kh2 Rg4 61. Rc6 Rxh4+ 62. Kg2 Rg4+ 63. Kf2 Ke5 64. Kf3 1/2-1/2

[Event "Russian Championship B13 1st league 2016"]
[Site "Loo"]
[Date "2016.04.21"]
[Round "2.32"]
[White "Darmogray, Makar"]
[Black "Frolov, Artem"]
[Result "1/2-1/2"]
[WhiteElo "1634"]
[BlackElo "1359"]
[PlyCount "113"]
[EventDate "2016.04.20"]

1. e4 e6 2. d4 d5 3. exd5 exd5 4. Bd3 Bd6 5. h3 Ne7 6. Nf3 Bf5 7. O-O O-O 8.
Re1 Bxd3 9. Qxd3 Nd7 10. c3 c6 11. Be3 Ng6 12. Nbd2 Qc7 13. Ng5 Rfe8 14. h4 Nf6
15. Ndf3 h6 16. Nh3 Ne4 17. h5 Ne7 18. Nd2 Nf6 19. Nf3 Nxh5 20. Re2 Nf6 21. Ne5
Bxe5 22. dxe5 Nd7 23. Bf4 Ng6 24. e6 Nxf4 25. Nxf4 Nf6 26. exf7+ Qxf7 27. Rae1
Rxe2 28. Rxe2 Re8 29. Qd4 Rxe2 30. Nxe2 Qe7 31. Kf1 Qe4 32. Qxe4 Nxe4 33. Nd4
Kf7 34. Ke2 Kf6 35. f3 Nc5 36. b4 Na4 37. Kd2 Ke5 38. g3 g5 39. Nb3 b6 40. Nd4
c5 41. Nc6+ Kd6 42. Nxa7 cxb4 43. cxb4 h5 44. Kc2 h4 45. Nb5+ Ke5 46. f4+ gxf4
47. gxh4 Ke4 48. h5 f3 49. Kd2 Kf4 50. Nd4 f2 51. Ke2 Kg3 52. Nf5+ Kg2 53. Nh4+
Kg1 54. Nf3+ Kg2 55. Nh4+ Kg3 56. Nf5+ Kg2 57. Nh4+ 1/2-1/2

[Event "Russian Championship B13 1st league 2016"]
[Site "Loo"]
[Date "2016.04.21"]
[Round "2.35"]
[White "Zhukov, Anton"]
[Black "Yashin, Vladimir"]
[Result "1/2-1/2"]
[WhiteElo "1767"]
[BlackElo "1454"]
[PlyCount "226"]
[EventDate "2016.04.20"]

1. d4 d5 2. c4 c6 3. Nc3 Nf6 4. Nf3 e6 5. Qd3 Nbd7 6. g3 Be7 7. Bg2 b6 8. cxd5
exd5 9. O-O O-O 10. Rd1 Bb7 11. Ne5 Bd6 12. Nxd7 Qxd7 13. e4 dxe4 14. Nxe4 Be7
15. Be3 Rfd8 16. Qc2 Rac8 17. Nxf6+ Bxf6 18. Be4 h6 19. Bf5 Qd5 20. Bxc8 Rxc8
21. Qb3 Qe4 22. Qd3 Qd5 23. Qb3 Qe4 24. Rf1 Re8 25. Rae1 Ba6 26. f3 Qe7 27. Bf2
Qd7 28. Rxe8+ Qxe8 29. Re1 Qd7 30. Qe3 Bb5 31. Qe8+ Qxe8 32. Rxe8+ Kh7 33. Re1
Bc4 34. b3 Bd5 35. f4 a5 36. Rc1 Be7 37. Kf1 Ba3 38. Rb1 Be4 39. Rd1 Bd5 40.
Ke2 Kg6 41. Kd3 Bb4 42. Rg1 Bd6 43. Be3 Kh7 44. h3 f5 45. g4 Be6 46. g5 h5 47.
Bd2 g6 48. Rb1 Bd7 49. h4 Kg7 50. Kc2 Kf7 51. Kb2 Be6 52. a3 Bd5 53. Rf1 Ke6
54. b4 a4 55. b5 cxb5 56. Bb4 Bxb4 57. axb4 Be4 58. Kc3 Kd6 59. Re1 Kd5 60. Rc1
Kd6 61. Kd2 Kd7 62. Ke3 Bd5 63. Rc3 Kd8 64. Kd2 Kd7 65. Re3 Be4 66. Kc3 Kd6 67.
Re1 Kd5 68. Rc1 Kd6 69. Kd2 Kd7 70. Ke3 Bd5 71. Kd2 Kd8 72. Kc3 Kd7 73. Re1 Be4
74. Rd1 Bd5 75. Rc1 Be4 76. Kd2 Bd5 77. Rc3 Kd8 78. Re3 Be4 79. Re1 Kd7 80. Rc1
Bd5 81. Kd3 Be4+ 82. Kc3 Bd5 83. Re1 Be4 84. Kb2 Kd6 85. Rd1 Bd5 86. Rc1 Kd7
87. Ka1 Kd8 88. Kb1 Kd7 89. Kb2 Kd8 90. Kc2 Kd7 91. Kc3 Kd6 92. Kb2 Kd7 93. Rc3
Kd8 94. Re3 Be4 95. Re1 Kd7 96. Kc3 Kd6 97. Rc1 Bd5 98. Kd2 Kd7 99. Ke3 Kd8
100. Kd2 Kd7 101. Kc3 Kd6 102. Kb2 Kd7 103. Rc3 Kd8 104. Re3 Be4 105. Ka2 Kd7
106. Kb2 Kd8 107. Re1 Kd7 108. Ka2 Kd8 109. Ka1 Kd7 110. Kb2 Kd8 111. Kc3 Kd7
112. Rc1 Bd5 113. Re1 Be4 1/2-1/2

[Event "Russian Championship B13 1st league 2016"]
[Site "Loo"]
[Date "2016.04.21"]
[Round "2.36"]
[White "Usubov, Bogdan"]
[Black "Voropaev, Fedor"]
[Result "1/2-1/2"]
[WhiteElo "1493"]
[BlackElo "1740"]
[PlyCount "101"]
[EventDate "2016.04.20"]

1. e4 c5 2. Nc3 Nc6 3. g3 g6 4. Bg2 Bg7 5. f4 d6 6. Nf3 Rb8 7. O-O e6 8. g4 f5
9. exf5 gxf5 10. gxf5 exf5 11. Re1+ Nge7 12. Nd5 O-O 13. Nxe7+ Nxe7 14. d3 b5
15. c3 b4 16. c4 Bb7 17. Ng5 Bxg2 18. Kxg2 Qe8 19. Ne6 Rf6 20. Nxg7 Kxg7 21.
Rg1 Ng6 22. Kf2 Kf8 23. b3 Qe7 24. Bb2 Re6 25. Qd2 Re8 26. Rae1 Kf7 27. Rxe6
Qxe6 28. Re1 Qxe1+ 29. Qxe1 Rxe1 30. Kxe1 Nxf4 31. Kd2 Ke6 32. Ke3 Ng6 33. d4
Kf7 34. d5 Ke7 35. Kf3 Ne5+ 36. Bxe5 dxe5 37. Ke3 Kd6 38. h4 h5 39. Kf3 a5 40.
Ke3 Ke7 41. Kf3 e4+ 42. Kf4 Kf6 43. Ke3 Ke5 44. Kf2 f4 45. Ke2 Kf6 46. Kf2 Kf5
47. Ke2 f3+ 48. Ke3 Ke5 49. Kf2 Kf5 50. Kg3 Ke5 51. Kf2 1/2-1/2

[Event "Russian Championship B13 1st league 2016"]
[Site "Loo"]
[Date "2016.04.21"]
[Round "2.37"]
[White "Arbuzov, Timofey"]
[Black "Melnikov, Vyacheslav"]
[Result "1/2-1/2"]
[WhiteElo "1739"]
[BlackElo "1491"]
[PlyCount "82"]
[EventDate "2016.04.20"]

1. d4 d5 2. g3 c6 3. Bg2 Nf6 4. Nf3 e6 5. O-O Nbd7 6. c4 Be7 7. Nc3 O-O 8. Qd3
b6 9. e4 dxe4 10. Nxe4 Bb7 11. Re1 c5 12. Nxf6+ Bxf6 13. Ng5 Bxg5 14. Bxb7 Bxc1
15. Raxc1 Rb8 16. Bg2 cxd4 17. Qxd4 Nc5 18. Rcd1 Qxd4 19. Rxd4 Na4 20. b3 Nc3
21. a3 Rfd8 22. Rxd8+ Rxd8 23. Bf3 Rd3 24. Kg2 Kf8 25. a4 Na2 26. Re3 Rxe3 27.
fxe3 Nb4 28. Be2 Ke7 29. Kf3 Kd6 30. Ke4 f6 31. h4 f5+ 32. Kf4 a5 33. e4 fxe4
34. Kxe4 e5 35. g4 Nc6 36. g5 Nd4 37. Bd1 g6 38. Kd3 Ke6 39. Ke4 Kd6 40. Kd3
Nf5 41. h5 Nd4 1/2-1/2

[Event "Russian Championship B13 1st league 2016"]
[Site "Loo"]
[Date "2016.04.21"]
[Round "2.38"]
[White "Zhivotovskii, Dmitrii"]
[Black "Smirnov, Dmitrii"]
[Result "0-1"]
[WhiteElo "1457"]
[BlackElo "1735"]
[PlyCount "120"]
[EventDate "2016.04.20"]

1. e4 e5 2. Nf3 Nc6 3. Bb5 a6 4. Ba4 d6 5. O-O Nf6 6. Re1 Be7 7. c3 b5 8. Bc2
O-O 9. d4 exd4 10. cxd4 Nb4 11. Bb3 c5 12. a3 Nc6 13. d5 Na7 14. Bg5 Bb7 15.
Nbd2 c4 16. Bc2 Nxd5 17. Bxe7 Nxe7 18. b3 cxb3 19. Nxb3 Nac6 20. Qe2 Ne5 21.
Rad1 Qc7 22. Nxe5 dxe5 23. Rd2 Rad8 24. Red1 Rxd2 25. Rxd2 Rc8 26. Bb1 Qc3 27.
Rd3 Qc4 28. Qd1 Ng6 29. Qd2 Bxe4 30. Rd8+ Rxd8 31. Qxd8+ Nf8 32. Bxe4 Qxe4 33.
Qd1 Ne6 34. Nc5 Qd4 35. Qxd4 exd4 36. Nxa6 d3 37. Kf1 Nd4 38. Ke1 Nc2+ 39. Kd2
Nxa3 40. Kxd3 f5 41. f4 Kf7 42. Kc3 Kg6 43. Kd3 Kh5 44. Ke3 Kg4 45. Nc7 b4 46.
Nd5 b3 47. Nc3 b2 48. g3 b1=Q 49. Nxb1 Nxb1 50. Kf2 Kh3 51. Kg1 Nd2 52. Kh1 Nf3
53. g4 Kxg4 54. Kg2 Kxf4 55. Kh1 Ne1 56. Kg1 Ke3 57. Kh1 f4 58. Kg1 f3 59. Kh1
f2 60. h3 f1=Q+ 0-1

[Event "Russian Championship B13 1st league 2016"]
[Site "Loo"]
[Date "2016.04.21"]
[Round "2.39"]
[White "Yastrebov, Nikita"]
[Black "Yadigarov, Aivaz"]
[Result "1/2-1/2"]
[WhiteElo "1725"]
[BlackElo "1441"]
[PlyCount "133"]
[EventDate "2016.04.20"]

1. d4 Nf6 2. Nf3 g6 3. Bf4 d6 4. e3 Bg7 5. h3 O-O 6. Be2 Nbd7 7. O-O b6 8. c4
Bb7 9. Nc3 c5 10. d5 a6 11. a4 Qc7 12. e4 Ne5 13. Nxe5 dxe5 14. Bh2 Ne8 15. f4
exf4 16. Bxf4 Be5 17. Bxe5 Qxe5 18. Qb3 Rb8 19. Rae1 Nd6 20. Kh1 Bc8 21. Qc2
Bd7 22. Na2 Qxe4 23. Bd3 Qh4 24. Kh2 Bf5 25. Bxf5 Nxf5 26. Re4 Qg3+ 27. Kh1 Ne3
28. Rxe3 Qxe3 29. Rf2 Qe1+ 30. Kh2 Qe5+ 31. Kh1 b5 32. Re2 Qd6 33. axb5 axb5
34. b3 bxc4 35. bxc4 Ra8 36. Re1 e5 37. Nc3 f5 38. Nb5 Qf6 39. Nc7 Ra7 40. Ne6
Rfa8 41. Qc3 Ra3 42. Qb2 Ra2 43. Qxe5 Qxe5 44. Rxe5 Rc2 45. d6 Rd2 46. Rxc5
Rxd6 47. Nf4 Ra7 48. Kh2 Kf7 49. Nd5 Raa6 50. Rc7+ Kf8 51. Rxh7 Rac6 52. Rh4 g5
53. Rh5 Rg6 54. Ne3 f4 55. Ng4 Rc5 56. Rh8+ Ke7 57. Ra8 Rd6 58. Ra7+ Rd7 59.
Ra6 Rxc4 60. Ne5 Rcc7 61. Nxd7 Rxd7 62. Ra5 Kf6 63. Ra6+ Kf5 64. Ra5+ Kg6 65.
Ra6+ Kh5 66. Ra8 Rd2 67. Rf8 1/2-1/2

[Event "Russian Championship B13 1st league 2016"]
[Site "Loo"]
[Date "2016.04.21"]
[Round "2.40"]
[White "Koptev, Ruslan"]
[Black "Romanov, Alamin"]
[Result "1/2-1/2"]
[WhiteElo "1691"]
[BlackElo "1452"]
[PlyCount "109"]
[EventDate "2016.04.20"]

1. e4 e5 2. Nf3 Nc6 3. Bb5 f5 4. d3 d6 5. O-O Nf6 6. Nc3 Be7 7. Qe2 O-O 8. Bc4+
Kh8 9. Ng5 Nd4 10. Qd1 Qe8 11. Ne2 Qg6 12. Nxd4 exd4 13. exf5 Bxf5 14. Ne6 Bxe6
15. Bxe6 Nh5 16. Qg4 Qxg4 17. Bxg4 Nf4 18. g3 Ng6 19. f4 Rf6 20. Bd2 d5 21.
Rae1 Bd6 22. h4 Nxh4 23. Be6 Nf5 24. g4 Ne3 25. Bxe3 dxe3 26. Bxd5 c6 27. Be4
Rxf4 28. Rxf4 Bxf4 29. Kg2 Rf8 30. Re2 Rf6 31. Kf3 g5 32. Rg2 Rh6 33. d4 Rd6
34. c3 Kg7 35. Rg1 b5 36. Rh1 h6 37. b4 Re6 38. Bf5 Re7 39. Ke2 Bc7 40. a3 a5
41. Ra1 Kf6 42. Rh1 Kg7 43. Rf1 axb4 44. axb4 Bf4 45. Ra1 Kf6 46. Rh1 h5 47.
Rxh5 Kg7 48. Rh7+ Kf6 49. Rh6+ Kg7 50. Rh7+ Kf6 51. Rh6+ Kg7 52. Rh7+ Kf8 53.
Rxe7 Kxe7 54. Be4 Kd6 55. Bh1 1/2-1/2

[Event "Russian Championship B13 1st league 2016"]
[Site "Loo"]
[Date "2016.04.21"]
[Round "2.41"]
[White "Goroshkov, Mikhail"]
[Black "Tsybulkin, Ivan"]
[Result "0-1"]
[WhiteElo "1452"]
[BlackElo "1685"]
[PlyCount "78"]
[EventDate "2016.04.20"]

1. d4 f5 2. e3 Nf6 3. Nf3 g6 4. c4 Bg7 5. Be2 O-O 6. O-O d6 7. Nc3 Qe8 8. a3 e5
9. Nb5 Qe7 10. b4 a6 11. Nc3 e4 12. Nd2 Be6 13. Rb1 Nbd7 14. c5 h6 15. Nb3 Nh7
16. d5 Bxc3 17. dxe6 Qxe6 18. cxd6 Qxd6 19. Bc4+ Kh8 20. Qxd6 cxd6 21. Bb2 Bxb2
22. Rxb2 Nb6 23. Be2 Rac8 24. Rd1 Na4 25. Rbd2 Nc3 26. Rc1 Nxe2+ 27. Rxe2 Rxc1+
28. Nxc1 Rc8 29. Nb3 Rc3 30. Rb2 b6 31. g3 Nf6 32. a4 Ng4 33. Nd4 Ra3 34. h3
Ne5 35. b5 Rxa4 36. bxa6 Rxa6 37. Nb5 Nf3+ 38. Kf1 Ra1+ 39. Ke2 Re1# 0-1

[Event "Russian Championship B13 1st league 2016"]
[Site "Loo"]
[Date "2016.04.21"]
[Round "2.42"]
[White "Karavaev, Aleksandr"]
[Black "Novikov, Ivan"]
[Result "1-0"]
[WhiteElo "1662"]
[BlackElo "1330"]
[PlyCount "155"]
[EventDate "2016.04.20"]

1. e4 e6 2. d4 d5 3. e5 c5 4. c3 Qb6 5. Nf3 Nc6 6. Be2 Nh6 7. Bxh6 gxh6 8. Qd2
cxd4 9. cxd4 Bb4 10. Nc3 Rg8 11. O-O Bf8 12. Bd3 Rg7 13. Qf4 Bd7 14. Qf6 a6 15.
Na4 Qb4 16. Nc5 Nxd4 17. Nxd4 Qxd4 18. Nxb7 Qg4 19. g3 Qg5 20. Qxg5 hxg5 21.
Rac1 Bb5 22. Bxb5+ axb5 23. Rc7 f5 24. Nd6+ Kd8 25. Rc6 Bxd6 26. Rxd6+ Ke7 27.
Rc1 Ra7 28. Rcc6 Rg6 29. Rb6 f4 30. Kg2 h5 31. Rxb5 h4 32. Rbxd5 hxg3 33. hxg3
fxg3 34. Kxg3 Rg8 35. Rb5 g4 36. a3 Rf8 37. Rd3 Rc7 38. Rdb3 Rc4 39. Rb7+ Ke8
40. Rb8+ Kf7 41. R3b7+ Kg8 42. Rxf8+ Kxf8 43. Rb4 Rc5 44. Re4 Rb5 45. Re2 Rb3+
46. Kxg4 Kg7 47. Kf4 Kf7 48. Ke4 Ke7 49. Rd2 Rh3 50. Rd3 Rh4+ 51. f4 Rh2 52. b4
Rb2 53. f5 exf5+ 54. Kxf5 Rf2+ 55. Ke4 Re2+ 56. Kd4 Ke6 57. Re3 Rd2+ 58. Kc4
Rd5 59. a4 Rd8 60. b5 Rc8+ 61. Kb4 Rc1 62. a5 Rb1+ 63. Kc5 Rc1+ 64. Kb6 Rc8 65.
a6 Kd7 66. e6+ Kd6 67. a7 Ke7 68. Kb7 Kd6 69. Kxc8 Kc5 70. a8=Q Kb6 71. Qc6+
Ka5 72. Qc4 Kb6 73. Re4 Ka5 74. Qc7+ Kxb5 75. Qe5+ Kc6 76. Rc4+ Kb6 77. Qc5+
Ka6 78. Ra4# 1-0

[Event "Russian Championship B13 1st league 2016"]
[Site "Loo"]
[Date "2016.04.21"]
[Round "2.44"]
[White "Bukatin, Arseny"]
[Black "Shkrebko, Mikhail"]
[Result "1-0"]
[WhiteElo "1620"]
[BlackElo "1407"]
[PlyCount "73"]
[EventDate "2016.04.20"]

1. e4 c6 2. d4 d5 3. e5 Bf5 4. h4 h5 5. c4 e6 6. Nc3 Bb4 7. Bd2 Ne7 8. cxd5
cxd5 9. Nf3 Nbc6 10. Rc1 Bg4 11. Nb5 Bxd2+ 12. Qxd2 Bxf3 13. Nd6+ Kf8 14. gxf3
Qb6 15. Rd1 Nf5 16. Nxf5 exf5 17. Bh3 g6 18. a3 Rc8 19. O-O Kg7 20. Kh1 Na5 21.
b4 Nc4 22. Qg5 Nxa3 23. Bxf5 Rc3 24. Rg1 Rxf3 25. e6 Qd6 26. Bxg6 Rxf2 27. Bf5+
Kf8 28. Qg7+ Ke8 29. exf7+ Kd8 30. Qxh8+ Kc7 31. Qe5 Qxe5 32. dxe5 Rxf5 33.
Rdf1 Rxf1 34. Rxf1 d4 35. f8=Q d3 36. Qd6+ Kc8 37. Rf8# 1-0

[Event "Russian Championship B13 1st league 2016"]
[Site "Loo"]
[Date "2016.04.21"]
[Round "2.45"]
[White "Nedelko, Nikita"]
[Black "Novikov, Roman"]
[Result "0-1"]
[WhiteElo "1439"]
[BlackElo "1711"]
[PlyCount "96"]
[EventDate "2016.04.20"]

1. e4 e6 2. d4 d5 3. e5 c5 4. c3 Nc6 5. Nf3 Qb6 6. a3 c4 7. g3 Nge7 8. Nbd2 Na5
9. h4 Nec6 10. Bh3 h6 11. O-O Bd7 12. Rb1 Nb3 13. Nxb3 cxb3 14. Be3 Na5 15. Nd2
Bb5 16. Re1 Be7 17. Qg4 g5 18. hxg5 hxg5 19. Bf1 O-O-O 20. Bxb5 Qxb5 21. Qe2
Qxe2 22. Rxe2 g4 23. Ree1 Kd7 24. Kg2 Rh7 25. Rh1 Rdh8 26. Rxh7 Rxh7 27. Rc1
Rh8 28. Rh1 Rxh1 29. Kxh1 Kc6 30. a4 b5 31. axb5+ Kxb5 32. Kg2 Ka4 33. f3 Nc4
34. Nxc4 gxf3+ 35. Kxf3 dxc4 36. g4 a5 37. Ke4 Kb5 38. d5 exd5+ 39. Kxd5 a4 40.
Bc1 Bg5 41. Bxg5 a3 42. bxa3 b2 43. e6 fxe6+ 44. Kxe6 b1=Q 45. Be7 Qe1+ 46. Kf6
Qxc3+ 47. Kf5 Qf3+ 48. Kg5 c3 0-1

[Event "Russian Championship B13 1st league 2016"]
[Site "Loo"]
[Date "2016.04.21"]
[Round "2.46"]
[White "Zhanazarov, Iskander"]
[Black "Tolstykh, Dmitri"]
[Result "1-0"]
[WhiteElo "1746"]
[BlackElo "1397"]
[PlyCount "67"]
[EventDate "2016.04.20"]

1. e4 c5 2. Nf3 Nc6 3. d4 cxd4 4. Nxd4 e6 5. Nb5 a6 6. Nd6+ Bxd6 7. Qxd6 Qe7 8.
Qg3 f6 9. Nd2 Nh6 10. Nc4 Nf7 11. Qxg7 d5 12. Nd2 b5 13. Bd3 Bb7 14. O-O d4 15.
a4 b4 16. Nc4 O-O-O 17. Qg3 Nce5 18. Bf4 Nxc4 19. Bxc4 f5 20. Qb3 Ng5 21. h4
Nxe4 22. Bxe6+ Rd7 23. Qc4+ Qc5 24. Bxd7+ Kxd7 25. Qf7+ Qe7 26. Qxf5+ Qe6 27.
Qa5 Rg8 28. Qc7+ Ke8 29. Qxb7 Qg6 30. g3 Qf5 31. Rae1 Kf8 32. Rxe4 Rg7 33. Bd6+
Kg8 34. Re8+ 1-0